03014nam a2200349Ia 4500001001100000006001900011007001500030008004100045035002200086040002600108043001300134245013400147246004400281264005200325300004900377336002600426337002600452338003600478490006700514500001700581500004000598500004600638504004100684505165300725600003302378650003302411650004202444655002402486700003402510830004902544856007102593DIGANR0283m d cr |||||||||||100325s2009 sp a b 000 0 spa d a(OCoLC)1335126136 aDGITAbengepncDGITA ae-gx--- 00aHannah Arendt :b pluralidad y juicio : la lectura secreta de un pensar diferente /c [coordinador, Celso Sánchez Capdequí]. 3 aLectura secreta de un pensar diferente  1aRubi (Barcelona) :bAnthropos Editorial,c2009. a1 online resource (224 p.) :billustrations. atextbtxt2rdacontent acomputerbc2rdamedia aonline resourcebcr2rdacarrier1 aRevista anthropos: huellas del conocimiento,x11373636 ;v224. aCover title. a"N.° 224, 2009" --P. [2] of cover. a"Coordinador: Celso Sánchez Capdequí" aIncludes bibliographical references.2 aEditorial: Hannah Arendt. Pensar de nuevo la contemporaneidad como un proyecto excluyente de la experiencia histórica del sufrimiento y su actualidad -- Biografía de Hannah Arendt / Celso Sánchez Capdequí -- Breve topografía de una imaginación reciclada / Ángela Lorena Fuster Peiró -- Cronología científica de Hannah Arendt / Celso Sánchez Capdequí -- Bibliografía de y sobre Hannah Arendt / Celso Sánchez Capdequí -- De la banalidad a la licuefacción del mal: relectura actual del totalitarismo / Celso Sánchez Capdequí -- Emocracia, propaganda y martirio en el nacionalsocialismo / Jesús Casquete - ¿Qué hacemos con la política? / Manuel Cruz -- Pensar la política y la comunicación desde la apariencia / Daniel H. Cabrera -- Análisis temático. Una pedagogía del mundo. Aproximación a la filosofía de la educación de Hannah Arendt / Fernando Bárcena -- La desconfianza de Hannah Arendt: consideraciones críticas respecto a su pensamiento educativo / José María Pérez-Agote Aguirre -- Notas sobre Hannah Arendt y los feminismos / Fina Birulés -- La eutanasia a través del pensamiento de H. Arendt / Javier Gil Gimeno - Colaboradores -- Laberintos: transcurso por las señas del sentido. La voz silenciada de un Continente-Abya Yala -- Documentación cultural e información bibliográfica : "Progreso" y "declive". Apéndice a la historia de dos conceptos / Reinhart Koselleck -- La antropología en diálogo con las humanidades / Manuel González de Ávila -- Selección y reseña: Recensiones -- Noticias de edición -- Comunicación científica y cultural.10aArendt, Hannah,d1906-1975.  0aWomen philosopherszGermany. 0aWomen political scientistszGermany.  7aPeriodicals.2lcgft1 aSánchez Capdequí, Celso.  0aRevista anthropos (Barcelona, Spain) ;v224.403Digitalia Hispánicauhttps://www.digitaliapublishing.com/a/9924/